| 000 | 00837nam a2200205Ia 4500 | ||
|---|---|---|---|
| 003 | OSt | ||
| 005 | 20250714125730.0 | ||
| 008 | 210210b2003 xxu||||| |||| 00| 0 eng d | ||
| 040 | _cAL | ||
| 041 | _aKannada | ||
| 082 | _aK894.8 SAMA | ||
| 100 |
_aSAMAGRA DASA SAHITYA. _9151046 _dಸಮಗ್ರ ದಾಸ ಸಾಹಿತ್ಯ |
||
| 245 |
_aSamagra dasa sahitya: samputa; 10, bhaga 3, Shri Vijayadasara suladigalu: tatvanavanita.. _bಸಮಗ್ರ ದಾಸ ಸಾಹಿತ್ಯ : ಸಂಪುಟ ೧೦: ಭಾಗ ೩, ಶ್ರೀವಿಜಯದಾಸರ ಸುಳಾದಿಗಳು (ತತ್ವನವನೀತ ) |
||
| 260 |
_aBengaluru _bKannada mattu Samskrati Nirdeshanalalya _c2003 |
||
| 300 | _a76,573 | ||
| 650 |
_aDasasahitya _9151047 |
||
| 690 |
_aKannada Miscellaneous _9151048 |
||
| 906 | _a059379 | ||
| 942 |
_2ddc _cBK |
||
| 999 |
_c106626 _d106626 |
||